• 首页
  • 本馆介绍
  • 公告通知
  • 最新文献
  • 馆藏检索
  • 电子资源
  • 读者导购
  • 参考咨询
  • 我的图书馆
  • 登录
  • 详细信息显示
  • 放入我的书架
  • 预约/预借图书
  • 作者相关作品
  • 分类相关作品
  • 丛书相关作品
  • 出版社相关作品

书目信息

  • 表格格式
  • 工作单格式
  • 卡片格式
题名:
针刺麻醉的临床应用
    
 
作者: ;全国针刺麻醉学习班选编组 编
分册:  
出版信息: 北京   人民卫生出版社  1973
页数: 259页
开本: 26cm
丛书名:
单 册:
中图分类: R246.2
科图分类:
主题词: 针刺麻醉--临床应用 , 中医学:临床医学
电子资源:
ISBN:
000 00788nam0 2200265 45 980
001 0661730867
005 20060805170958.04
010    @dCNY1.00
091    @a14048.3380
100    @a19970417d1973 em y0chiy0121 ea
101 0  @achi
102    @aCN@b110000
105    @afk z 000yy
106    @ar
200 10 @a针刺麻醉的临床应用@Azhen ci ma zui de lin chuang ying yong@f全国针刺麻醉学习班选编组编
210    @a北京@c人民卫生出版社@d1973
215    @a259页@c表,图@d26cm
300    @a国内发行
300    @a全国针刺麻醉学习班资料选编之三
606    @a针刺麻醉@x临床应用
606 0  @a中医学:临床医学
690    @aR246.2@v3
711 02 @a全国针刺麻醉学习班选编组@4编@Aquan guo zhen ci ma zui xue xi ban xuan bian zu
801 0  @c20060805
905    @a10447@dR246.2@e146:3
    
    针刺麻醉的临床应用/全国针刺麻醉学习班选编组编 .-北京:人民卫生出版社,1973
    259页:表,图;26cm
    国内发行.-全国针刺麻醉学习班资料选编之三
    
    ISBN :CNY1.00
    
●
相关链接 在E读中查询图书 在五车中查询图书 在当当中查询图书 在豆瓣中查询图书


正题名:针刺麻醉的临床应用     索取号:R246.2/146:3         预约/预借

序号 登录号 条形码 馆藏地/架位号 状态 备注
1 0451666   204516666   密集书库/ [索取号:R246.2/146:3] 在馆    
2 0451667   204516675   密集书库/ [索取号:R246.2/146:3] 在馆    
唐山师范学院图书馆 欢迎您!
大连网信软件有限公司© 版权所有